O umení (Record no. 22672)
[ view plain ]
| 000 -LEADER | |
|---|---|
| fixed length control field | 01672nam a2200445 a 4500 |
| 001 - CONTROL NUMBER | |
| control field | 22672 |
| 003 - CONTROL NUMBER IDENTIFIER | |
| control field | SK-KTurca |
| 005 - DATE AND TIME OF LATEST TRANSACTION | |
| control field | 20260415142846.0 |
| 008 - FIXED-LENGTH DATA ELEMENTS--GENERAL INFORMATION | |
| fixed length control field | 250414s1983 xo 0 slo |
| 015 ## - NATIONAL BIBLIOGRAPHY NUMBER | |
| National bibliography number | SNBA1983/03 |
| 035 ## - SYSTEM CONTROL NUMBER | |
| System control number | SNK000033699 |
| 040 ## - CATALOGING SOURCE | |
| Original cataloging agency | SNK |
| Language of cataloging | slo |
| Transcribing agency | SNK |
| Description conventions | AACR2 |
| 041 0# - LANGUAGE CODE | |
| Language code of text/sound track or separate title | slo |
| 044 ## - COUNTRY OF PUBLISHING/PRODUCING ENTITY CODE | |
| MARC country code | xo |
| ISO country code | SK |
| 080 ## - UNIVERSAL DECIMAL CLASSIFICATION NUMBER | |
| Universal Decimal Classification number | 882-4 |
| Edition identifier | 1981 |
| 080 ## - UNIVERSAL DECIMAL CLASSIFICATION NUMBER | |
| Universal Decimal Classification number | 882-94 |
| Edition identifier | 1981 |
| 080 ## - UNIVERSAL DECIMAL CLASSIFICATION NUMBER | |
| Universal Decimal Classification number | 82(091) |
| Edition identifier | 1981 |
| 080 ## - UNIVERSAL DECIMAL CLASSIFICATION NUMBER | |
| Universal Decimal Classification number | 882"18" |
| Edition identifier | 1981 |
| 080 ## - UNIVERSAL DECIMAL CLASSIFICATION NUMBER | |
| Universal Decimal Classification number | 840"18" |
| Edition identifier | 1981 |
| 100 1# - MAIN ENTRY--PERSONAL NAME | |
| Personal name | Tolstoj, Aleksej Nikolajevič, |
| Dates associated with a name | 1883-1945 |
| Relationship | aut |
| 245 10 - TITLE STATEMENT | |
| Title | O umení |
| Remainder of title | Skutočnosť, skúsenosť a tvorba |
| Statement of responsibility, etc. | Aleksej Nikolajevič Tolstoj ; Ondrej Marušiak, Ondrej Marušiak, Ondrej Marušiak, Jozef Michaláč, Maksim Gorkij, Taras Ševčenko, Victor Hugo, Henri Barbusse, Michail Jurgejevič Lermontov, Michail Jevgrafovič Saltykov-Ščedrin |
| 250 ## - EDITION STATEMENT | |
| Edition statement | 1. vyd. |
| 260 ## - PUBLICATION, DISTRIBUTION, ETC. | |
| Place of publication, distribution, etc. | Bratislava |
| Name of publisher, distributor, etc. | Pravda |
| Date of publication, distribution, etc. | 1983 |
| Place of manufacture | Žilina |
| Manufacturer | Pravda |
| 300 ## - PHYSICAL DESCRIPTION | |
| Extent | 207 s., 11,24 AH |
| Dimensions | 21 cm |
| 366 ## - TRADE AVAILABILITY INFORMATION | |
| Note | 1000 výtl. |
| 490 0# - SERIES STATEMENT | |
| Series statement | Človek a umenie |
| 700 1# - ADDED ENTRY--PERSONAL NAME | |
| Personal name | Marušiak, Ondrej, |
| Dates associated with a name | 1926-2008 |
| Relationship | com |
| 700 1# - ADDED ENTRY--PERSONAL NAME | |
| Personal name | Marušiak, Ondrej, |
| Dates associated with a name | 1926-2008 |
| Relationship | trl |
| 700 1# - ADDED ENTRY--PERSONAL NAME | |
| Personal name | Marušiak, Ondrej, |
| Dates associated with a name | 1926-2008 |
| Relationship | [ADC] |
| 700 1# - ADDED ENTRY--PERSONAL NAME | |
| Personal name | Michaláč, Jozef, |
| Dates associated with a name | 1944- |
| Relationship | bkd |
| 700 1# - ADDED ENTRY--PERSONAL NAME | |
| Personal name | Gorkij, Maksim, |
| Dates associated with a name | 1868-1936 |
| Relationship | oth |
| 700 1# - ADDED ENTRY--PERSONAL NAME | |
| Personal name | Ševčenko, Taras Hryhorovyč, |
| Dates associated with a name | 1814-1861 |
| Relationship | oth |
| 700 1# - ADDED ENTRY--PERSONAL NAME | |
| Personal name | Hugo, Victor, |
| Dates associated with a name | 1802-1885 |
| Relationship | oth |
| 700 1# - ADDED ENTRY--PERSONAL NAME | |
| Personal name | Barbusse, Henri, |
| Dates associated with a name | 1873-1935 |
| Relationship | oth |
| 700 1# - ADDED ENTRY--PERSONAL NAME | |
| Personal name | Lermontov, Michail Jurievič, |
| Dates associated with a name | 1814-1841 |
| Relationship | oth |
| 700 1# - ADDED ENTRY--PERSONAL NAME | |
| Personal name | Saltykov-Ščedrin, Michail Jevgrafovič, |
| Dates associated with a name | 1826-1889 |
| Relationship | oth |
| 942 ## - ADDED ENTRY ELEMENTS (KOHA) | |
| Source of classification or shelving scheme | Dewey Decimal Classification |
| Koha item type | Krásna literatúra pre dospelých |
| Suppress in OPAC | No |
| Stav vyradenia | Strata | Poškodenie | Spôsob nadobudnutia | Domovská knižnica | Aktuálna knižnica | Dátum nadobudnutia | Total checkouts | Čiarový kód exemplára | Date last seen | Typ exemplára |
|---|---|---|---|---|---|---|---|---|---|---|
| Dar | Obecná knižnica Horná Štubňa | Obecná knižnica Horná Štubňa | 15.04.2026 | 4736202222 | 15.04.2026 | Krásna literatúra pre dospelých |
